[Event "TUR Cup"]
[Site "Antalya"]
[Date "2020.01.28"]
[Round "4"]
[White "Alagoz, Ramazan"]
[Black "Kilic, Huseyin"]
[Result "1-0"]
[WhiteElo "1100"]
[BlackElo "1785"]
[PlyCount "125"]
[EventDate "2020.01.26"]
[EventType "swiss"]
[EventRounds "11"]
[EventCountry "TUR"]
[SourceTitle "CBM 194 Extra"]
[Source "ChessBase"]
[SourceDate "2020.03.31"]
[SourceVersion "1"]
[SourceVersionDate "2020.03.31"]
[SourceQuality "1"]

1. e4 e5 2. Nf3 Nc6 3. Bc4 Nf6 4. d3 h6 5. Nc3 Bb4 6. Bd2 Na5 7. Nxe5 Nxc4 8. Nxc4 0-0 9. a3 Bc5 10. 0-0 d6 11. Ne3 c6 12. Na4 Bxe3 13. Bxe3 Ng4 14. Qf3 Ne5 15. Qg3 Qf6 16. Nc3 Qg6 17. Qxg6 fxg6 18. f4 Ng4 19. Bd2 b5 20. Ne2 a5 21. Nd4 Bd7 22. Rf3 c5 23. Ne2 Bc6 24. Rg3 Nf6 25. Rxg6 a4 26. f5 Rae8 27. Bxh6 Rf7 28. Bd2 d5 29. Ng3 dxe4 30. dxe4 Nxe4 31. Nxe4 Bxe4 32. Re1 Rxf5 33. Rg4 Bc6 34. Rxe8+ Bxe8 35. Bc3 g6 36. Re4 Kf7 37. h4 Bc6 38. Re2 Bd5 39. Bd2 Be6 40. Rf2 Ke7 41. Re2 Kd6 42. Re3 Bc4 43. Rf3 Ke5 44. Rxf5+ Kxf5 45. Kf2 Kg4 46. g3 Bd5 47. Be3 c4 48. Bf4 Be4 49. c3 Bf5 50. Ke3 Bd7 51. Kd4 Kf3 52. Ke5 Ke2 53. Kf6 Bf5 54. h5 gxh5 55. Kxf5 Kd1 56. Kg5 Kc2 57. Kxh5 Kd3 58. g4 Ke4 59. g5 Kf5 60. Kh6 Ke6 61. g6 Kf6 62. g7 Kf5 63. g8Q 1-0

[Event "TUR Cup"]
[Site "Antalya"]
[Date "2020.01.27"]
[Round "3"]
[White "Kilic, Huseyin"]
[Black "Hanci, Ilker"]
[Result "0-1"]
[WhiteElo "1785"]
[BlackElo "1571"]
[PlyCount "45"]
[EventDate "2020.01.26"]
[EventType "swiss"]
[EventRounds "11"]
[EventCountry "TUR"]
[SourceTitle "CBM 194 Extra"]
[Source "ChessBase"]
[SourceDate "2020.03.31"]
[SourceVersion "1"]
[SourceVersionDate "2020.03.31"]
[SourceQuality "1"]

1. e4 Nc6 2. Nf3 e5 3. Bb5 a6 4. Ba4 Nf6 5. 0-0 b5 6. Bb3 Nxe4 7. Re1 Nc5 8. Nxe5 Nxe5 9. Rxe5+ Be7 10. Nc3 0-0 11. Qe2 Bd6 12. Re3 Nxb3 13. axb3 Bc5 14. Nxb5 Bxe3 15. dxe3 Bb7 16. Nd4 Qf6 17. Qg4 Rfe8 18. Bd2 c5 19. Qxd7 Re7 20. Qg4 cxd4 21. Qxd4 Qg6 22. g3 Qc6 23. Kf1 0-1